000 00669nam a2200205 a 4500
005 20140310183401.0
008 121115s19uu xx 00 eng d
020 _a9780415549219
050 _aPN 2053
_b.B318 2010
100 _aBarba, Eugenio
245 _aOn directing and dramaturgy :
_bburning the house /
_cEugenio Barba ; translated by Judy Barba.
260 _aLondon :
_broutledge,
_c2010.
300 _axx, 218 p. :
_bill. ;
_c24 cm.
500 _aTranslated from Italian. Includes bibliographical references.
521 _aMA
650 _aTheater
_xProduction and direction
650 _aTheater
_xPhilosophy
942 _cBK
_2lcc
_kFOR
999 _c22308
_d22308